El colegio Jesuítico Mexicano de San Pedro y San Pablo : su influjo cultural en Nueva España.

Gespeichert in:
Bibliographische Detailangaben
1. Verfasser: Zubillaga, Felix (autor)
Format: Buch
Sprache:Spanisch
Schlagworte:
Tags: Tag hinzufügen
Keine Tags, Fügen Sie das erste Tag hinzu!

MARC

LEADER 00000cam^a2200000uu^4500
001 000493242
005 20250521000000.0
008 031606s1973^^^^^^^^^^^^rd^r^^000^0^spa^d
009 20260310125459.477
035 |a FCE 000036615 
035 |a FCE 036660 
037 |a Acervo ITESO - Biblioteca 
041 |a spa 
082 0 4 |a 377.6  |b ZUBc 
100 |a Zubillaga, Felix  |e (autor) 
245 1 3 |a El colegio Jesuítico Mexicano de San Pedro y San Pablo :  |b su influjo cultural en Nueva España. 
264 |a Caracas :  |b UCAB, IIH,  |c 1973. 
300 |a 67 p. 
336 |a texto  |b txt  |2 rdacontenido 
337 |a sin mediación  |b n  |2 rdamedio 
338 |a volumen  |b nc  |2 rdasoporte 
649 |a XX 
650 |a Jesuitas 
650 |a Cultura 
650 |a Jesuitas 
650 |a Colegio 
650 |a Instituciones religiosas 
650 |a Historia de la educación 
650 |a Nueva España 
910 |a Fondo Centro de Estudios Educativos 
920 |a Impresos - Libros 
930 |a Fondos Especiales 
905 |a 133 
901 |a ALE036660  |b IT2  |c CEE  |u 20250521 
902 |a https://opac.biblio.iteso.mx/vufind/Record/000493242